[Event "C.to Italiano di Categoria C"]
[Site "Civitanova Marche ITA"]
[Date "2012.07.17"]
[Round "3"]
[White "Piana, Ricardo"]
[Black "Occhipinti, Giuseppe"]
[WhiteElo "1808"]
[BlackElo "1971"]
[Result "1/2-1/2"]
[PlyCount "84"]
[EventDate "2012.07.15"]

1. e4 e5 2. Nf3 Nc6 3. Bb5 a6 4. Ba4 Nf6 5. O-O b5 6. Bb3 Bc5 7. Nxe5 Nxe5 8.
d4 Bxd4 9. Qxd4 d6 10. c3 O-O 11. Rd1 Bg4 12. Rd2 Re8 13. f4 Nc6 14. Qd3 Nxe4
15. Rc2 Nc5 16. Qg3 Nxb3 17. axb3 Qe7 18. Bd2 Qe2 19. Na3 Bf5 20. Re1 Qh5 21.
Rcc1 Na5 22. c4 b4 23. Bxb4 Bd7 24. Bc3 g6 25. b4 Nc6 26. Rcd1 Rab8 27. Rd5 Qg4
28. Qxg4 Bxg4 29. b5 axb5 30. cxb5 Be6 31. Rd2 Na7 32. Bf6 Rec8 33. Rc2 Rb7 34.
b6 cxb6 35. Rxc8+ Nxc8 36. Nb5 Kf8 37. Ra1 Ke8 38. Ra8 Kd7 39. Rxc8 Kxc8 40.
Nxd6+ Kb8 41. Nxb7 Kxb7 42. Kf2 Kc6 1/2-1/2

[Event "C.to Italiano di Categoria C"]
[Site "Civitanova Marche ITA"]
[Date "2012.07.17"]
[Round "3"]
[White "Renzetti, Leonardo"]
[Black "Tagliaferri, Valerio"]
[WhiteElo "1743"]
[BlackElo "1837"]
[Result "1/2-1/2"]
[PlyCount "123"]
[EventDate "2012.07.15"]

1. d4 f5 2. c4 Nf6 3. Nc3 g6 4. g3 Bg7 5. Bg2 d6 6. Nf3 O-O 7. O-O Nc6 8. Re1
e5 9. d5 Nb8 10. e4 h6 11. Bd2 fxe4 12. Nh4 g5 13. Ng6 Rf7 14. Nxe4 Bf5 15.
Nxe5 dxe5 16. Nc5 Qc8 17. Rxe5 Nfd7 18. Nxd7 Nxd7 19. Rxf5 Rxf5 20. Bh3 Qf8 21.
Qc2 Rf7 22. Be6 Kh8 23. Bc3 Ne5 24. Bxe5 Bxe5 25. Bxf7 Qxf7 26. Re1 Qf6 27. b3
Rf8 28. Re2 Kg7 29. Qd1 Rf7 30. Qe1 Bc3 31. Qd1 Qd4 32. Qc2 Bb4 33. Re6 Rf6 34.
Qe2 Bc5 35. Rxf6 Qxf6 36. Kg2 a5 37. h3 b6 38. Qc2 Qe5 39. Qd2 Qe4+ 40. Kg1 Kf6
41. Qb2+ Bd4 42. Qd2 h5 43. Kh2 h4 44. gxh4 Qf4+ 45. Qxf4+ gxf4 46. Kg2 Kg6 47.
Kf3 Kh5 48. Kxf4 Bxf2 49. Ke5 Kxh4 50. Ke6 Bc5 51. Kd7 Bd6 52. Kc6 Kxh3 53. c5
bxc5 54. Kb5 Kg4 55. Kxa5 Kf4 56. Kb5 Ke5 57. Kc4 Kf6 58. a4 Ke7 59. a5 Kd8 60.
Kb5 Kc8 61. a6 Kb8 62. Kc6 1/2-1/2

[Event "C.to Italiano di Categoria C"]
[Site "Civitanova Marche ITA"]
[Date "2012.07.17"]
[Round "3"]
[White "Ricci, Alessio"]
[Black "Mircoli, Filippo"]
[WhiteElo "1918"]
[BlackElo "1688"]
[Result "1-0"]
[PlyCount "88"]
[EventDate "2012.07.15"]

1. d4 e6 2. Nf3 Nf6 3. e3 d5 4. Bd3 c5 5. b3 Nc6 6. Bb2 cxd4 7. exd4 g6 8. O-O
Bg7 9. Ne5 O-O 10. Nxc6 bxc6 11. Nd2 a5 12. Qe2 Qc7 13. Nf3 c5 14. Ba3 Nd7 15.
Rae1 Rd8 16. Ne5 Nxe5 17. dxe5 a4 18. Bc1 Bb7 19. Bg5 Rdc8 20. c3 axb3 21. axb3
Ra3 22. b4 Rxc3 23. b5 Rb3 24. Bc2 Rb2 25. Bf6 c4 26. Rb1 Rxb1 27. Rxb1 Qb6 28.
h4 h5 29. g4 Qd4 30. Bxg7 Kxg7 31. gxh5 Qxh4 32. hxg6 d4 33. f3 Qg3+ 34. Qg2
Qxf3 35. Qxf3 Bxf3 36. Rf1 Be2 37. Rxf7+ Kg8 38. b6 d3 39. Ba4 Rb8 40. b7 c3
41. Rc7 d2 42. Rc8+ Kg7 43. Rxb8 d1=Q+ 44. Bxd1 Bxd1 1-0

[Event "C.to Italiano di Categoria C"]
[Site "Civitanova Marche ITA"]
[Date "2012.07.17"]
[Round "3"]
[White "Rubini, Alessandro"]
[Black "Battistelli, Alessandro"]
[WhiteElo "1917"]
[BlackElo "1963"]
[Result "1-0"]
[PlyCount "65"]
[EventDate "2012.07.15"]

1. e4 e5 2. Bc4 Nf6 3. Nc3 Nc6 4. d3 Bc5 5. Be3 Bxe3 6. fxe3 d6 7. Nf3 O-O 8.
O-O Bg4 9. a3 a6 10. Qe1 Ne7 11. Ng5 Bh5 12. Qg3 Kh8 13. Rf2 h6 14. Nf3 c6 15.
Bb3 Qd7 16. h3 Bg6 17. Nh4 Bh7 18. Raf1 Rac8 19. Nf5 Nxf5 20. exf5 Rfe8 21. e4
b5 22. Qf3 c5 23. Nd5 Qd8 24. Nxf6 Qxf6 25. Bd5 Rc7 26. Qh5 Rb8 27. b3 Bg8 28.
h4 Qe7 29. f6 Qf8 30. fxg7+ Qxg7 31. Rf6 Kh7 32. Bxf7 Rbb7 33. Bxg8+ 1-0

[Event "C.to Italiano di Categoria C"]
[Site "Civitanova Marche ITA"]
[Date "2012.07.17"]
[Round "3"]
[White "Santeramo, Alessia Carmen"]
[Black "Quattrini, Massimo"]
[WhiteElo "1834"]
[BlackElo "1944"]
[Result "1-0"]
[PlyCount "49"]
[EventDate "2012.07.15"]

1. e4 c5 2. Nf3 Nc6 3. Bb5 g6 4. O-O Bg7 5. c3 Nf6 6. Re1 O-O 7. h3 d6 8. d4
cxd4 9. Nxd4 Nxd4 10. cxd4 Bd7 11. Bc4 Rc8 12. Bb3 Qc7 13. Nc3 a5 14. Bg5 Bc6
15. Rc1 Qb8 16. e5 dxe5 17. dxe5 Rfd8 18. Qe2 Nd5 19. Nxd5 Bxd5 20. Bxe7 Rxc1
21. Rxc1 Re8 22. Bd6 Qxd6 23. exd6 Rxe2 24. Rc8+ Bf8 25. d7 1-0

[Event "C.to Italiano di Categoria C"]
[Site "Civitanova Marche ITA"]
[Date "2012.07.17"]
[Round "3"]
[White "Serafini, Gino"]
[Black "Cocconcelli, Lorenzo"]
[WhiteElo "1849"]
[BlackElo "1994"]
[Result "0-1"]
[PlyCount "102"]
[EventDate "2012.07.15"]

1. e4 e6 2. d4 d5 3. e5 c5 4. c3 Nc6 5. Nf3 Qb6 6. a3 c4 7. Be2 Na5 8. Nbd2 Bd7
9. O-O Ne7 10. Ng5 h6 11. Nh3 g5 12. Bh5 Nf5 13. Qf3 Rh7 14. g4 Nh4 15. Qd1 Be7
16. Qc2 Rg7 17. Kh1 O-O-O 18. f4 Rf8 19. Rb1 f6 20. Nf3 Nxf3 21. Rxf3 fxe5 22.
dxe5 d4 23. cxd4 Bc6 24. Qf2 Qb3 25. Be3 gxf4 26. Nxf4 Rxf4 27. Bxf4 Qxf3+ 28.
Qxf3 Bxf3+ 29. Kg1 Bg5 30. Bxg5 Rxg5 31. h3 Rg7 32. Rf1 Bd5 33. Kh2 Nc6 34. Rf6
Rh7 35. Bg6 Rh8 36. Rf4 b5 37. h4 a5 38. Kg3 b4 39. axb4 axb4 40. g5 hxg5 41.
hxg5 c3 42. bxc3 bxc3 43. Bc2 Nb4 44. Rf2 Rd8 45. Kg4 Rg8 46. Kh5 Bc6 47. Kg4
Kc7 48. Rh2 Be8 49. Rh7+ Kd8 50. Bb3 c2 51. Rh1 Nd3 0-1

[Event "C.to Italiano di Categoria C"]
[Site "Civitanova Marche ITA"]
[Date "2012.07.17"]
[Round "3"]
[White "Spano' Cuomo, Gaetano"]
[Black "Capossela, Fabio"]
[WhiteElo "1781"]
[BlackElo "1693"]
[Result "1-0"]
[PlyCount "39"]
[EventDate "2012.07.15"]

1. c4 e5 2. Nc3 Nf6 3. e4 Nc6 4. d3 Be7 5. Be2 d6 6. f4 Bd7 7. Nf3 O-O 8. Nd5
Nd4 9. Nxe7+ Qxe7 10. Nxd4 exd4 11. O-O c5 12. Bd2 Ne8 13. Bg4 Bxg4 14. Qxg4
Kh8 15. Rae1 f6 16. Rf3 Nc7 17. f5 Rf7 18. Bf4 Rg8 19. Rh3 Qd7 20. Rxh7+ 1-0

[Event "C.to Italiano di Categoria C"]
[Site "Civitanova Marche ITA"]
[Date "2012.07.17"]
[Round "3"]
[White "Tortolini, Francesco"]
[Black "Gobbo, Francesco"]
[WhiteElo "1895"]
[BlackElo "1982"]
[Result "1-0"]
[PlyCount "81"]
[EventDate "2012.07.15"]

1. e4 c6 2. d4 d5 3. Nc3 dxe4 4. Nxe4 Bf5 5. Ng3 Bg6 6. h4 h6 7. h5 Bh7 8. Nf3
Nd7 9. Bd3 Bxd3 10. Qxd3 e6 11. Bd2 Ngf6 12. O-O-O Be7 13. Ne4 Nxe4 14. Qxe4
Nf6 15. Qe2 Qd5 16. c4 Qe4 17. Rde1 Qxe2 18. Rxe2 Rd8 19. Bc3 O-O 20. Ne5 Rfe8
21. g4 c5 22. Rd1 Nd7 23. Nxd7 Rxd7 24. dxc5 Rxd1+ 25. Kxd1 Rd8+ 26. Rd2 Rxd2+
27. Kxd2 Bxc5 28. f3 f5 29. b4 Be7 30. Kd3 Kf7 31. a4 Bf6 32. Bd4 Bxd4 33. Kxd4
Kf6 34. gxf5 exf5 35. c5 g5 36. hxg6 h5 37. b5 h4 38. Ke3 h3 39. Kf2 Kxg6 40.
c6 bxc6 41. bxc6 1-0

[Event "C.to Italiano di Categoria C"]
[Site "Civitanova Marche ITA"]
[Date "2012.07.17"]
[Round "3"]
[White "Vilona, Leonardo"]
[Black "Jones, Alessandro"]
[WhiteElo "1806"]
[BlackElo "1966"]
[Result "1-0"]
[PlyCount "34"]
[EventDate "2012.07.15"]

1. d4 d5 2. c4 e6 3. Nf3 c6 4. Nc3 Nf6 5. g3 Be7 6. Bg2 O-O 7. O-O Nbd7 8. Bf4
dxc4 9. e4 Nb6 10. Qe2 Bd7 11. Nd2 c5 12. d5 exd5 13. e5 Ne8 14. Nxd5 Nxd5 15.
Bxd5 Qc8 16. Qxc4 Bc6 17. Bxc6 Qxc6 1-0

[Event "C.to Italiano di Categoria C"]
[Site "Civitanova Marche ITA"]
[Date "2012.07.18"]
[Round "4"]
[White "Aprile, Martino"]
[Black "Santeramo, Alessia Carmen"]
[WhiteElo "1925"]
[BlackElo "1834"]
[Result "0-1"]
[PlyCount "96"]
[EventDate "2012.07.15"]

1. Nf3 c5 2. g3 d5 3. c3 Nf6 4. Bg2 Nc6 5. d3 e5 6. Nbd2 h6 7. O-O Be6 8. Qa4
Qd7 9. Rd1 Be7 10. e4 d4 11. c4 O-O 12. a3 a6 13. Qc2 b5 14. b3 b4 15. a4 Nh7
16. Rf1 h5 17. Nb1 h4 18. Nxe5 Nxe5 19. f4 h3 20. Bh1 Ng4 21. f5 Ne3 22. Qf2
Nxf1 23. Qxf1 Bg5 24. Bxg5 Nxg5 25. Nd2 Rae8 26. fxe6 fxe6 27. Qe2 e5 28. Nf3
Nxf3+ 29. Bxf3 Qe7 30. Bh5 Rd8 31. Bg4 Qg5 32. Re1 Rd6 33. Bxh3 Rdf6 34. Qg4
Qxg4 35. Bxg4 Rf2 36. Be2 g5 37. Kh1 Kg7 38. Kg1 Kg6 39. Rf1 Rxe2 40. Rxf8 Rb2
41. Ra8 Rxb3 42. Rxa6+ Kh5 43. Ra5 Ra3 44. Rxc5 b3 45. Rb5 Kg4 46. Kf1 Kf3 47.
Ke1 Ke3 48. Kd1 Ra1# 0-1

[Event "C.to Italiano di Categoria C"]
[Site "Civitanova Marche ITA"]
[Date "2012.07.18"]
[Round "4"]
[White "Battistelli, Alessandro"]
[Black "Benenati, Gianfranco"]
[WhiteElo "1963"]
[BlackElo "1916"]
[Result "1-0"]
[PlyCount "75"]
[EventDate "2012.07.15"]

1. d4 Nf6 2. c4 g6 3. Nc3 Bg7 4. e4 d6 5. f3 O-O 6. Be3 e5 7. d5 c5 8. Qd2 Nh5
9. Nge2 f5 10. Bh6 Qh4+ 11. Kd1 Nf6 12. Bg5 Qf2 13. Kc2 fxe4 14. Nd1 Bf5 15.
Kc1 e3 16. Bxe3 Qh4 17. g4 h6 18. gxf5 Qxc4+ 19. Nec3 Qh4 20. fxg6 Na6 21. a3
Nc7 22. Rg1 a6 23. Rg3 Qh5 24. Rh3 Qf5 25. Bxh6 Bxh6 26. Qxh6 Qf4+ 27. Qxf4
exf4 28. Nf2 Rae8 29. Nfe4 Kg7 30. Kc2 Ncxd5 31. Nxd5 Nxe4 32. fxe4 f3 33. Bd3
f2 34. Ne3 Kxg6 35. Rg3+ Kh5 36. Kd2 b5 37. Rf1 Rf4 38. Nf5 1-0

[Event "C.to Italiano di Categoria C"]
[Site "Civitanova Marche ITA"]
[Date "2012.07.18"]
[Round "4"]
[White "Capossela, Fabio"]
[Black "Marconi, Luca"]
[WhiteElo "1693"]
[BlackElo "1820"]
[Result "0-1"]
[PlyCount "86"]
[EventDate "2012.07.15"]

1. e4 e6 2. d4 d5 3. exd5 exd5 4. Nf3 Bd6 5. Be2 Bf5 6. Nc3 c6 7. Bg5 f6 8. Bh4
Ne7 9. Bg3 Na6 10. Bxa6 bxa6 11. Bxd6 Qxd6 12. O-O O-O 13. Re1 Rfe8 14. h3 Rab8
15. b3 Qf4 16. Re3 Ng6 17. Ne2 Qd6 18. Ng3 Be4 19. Nd2 f5 20. Re1 Re6 21. Kh2
Nh4 22. f3 Rg6 23. Ndf1 f4 24. fxe4 fxg3+ 25. Kh1 Qf4 26. e5 Nxg2 27. Re2 Nh4
28. Ne3 Rf8 29. Qd3 Qf3+ 30. Kg1 Qh5 31. Ng4 Nf3+ 32. Kg2 Rxg4 33. Qxf3 Rxf3
34. hxg4 Qxg4 35. Rae1 Rf2+ 36. Rxf2 gxf2+ 37. Kxf2 Qxd4+ 38. Re3 Kf7 39. e6+
Ke7 40. Ke2 Qxe3+ 41. Kxe3 Kxe6 42. c3 Ke5 43. a3 h5 0-1

[Event "C.to Italiano di Categoria C"]
[Site "Civitanova Marche ITA"]
[Date "2012.07.18"]
[Round "4"]
[White "Catalano, Luigi"]
[Black "De Fazio, Giovanni"]
[WhiteElo "1690"]
[BlackElo "1756"]
[Result "0-1"]
[PlyCount "170"]
[EventDate "2012.07.15"]

1. g3 d5 2. Bg2 Nf6 3. f4 g6 4. Nf3 Bg7 5. O-O O-O 6. d4 b6 7. b3 Nbd7 8. Ne5
Bb7 9. Nc3 Ne4 10. Bb2 Rc8 11. Nxe4 dxe4 12. c4 f6 13. Nxd7 Qxd7 14. d5 f5 15.
Rb1 Rcd8 16. e3 Bxb2 17. Rxb2 e6 18. Rd2 exd5 19. cxd5 Bxd5 20. Qc2 Rf6 21.
Rfd1 Rd6 22. Qb2 Qf7 23. Bf1 Qg7 24. Qc1 h6 25. Qa3 a5 26. Qc1 Qe7 27. Rc2 c6
28. Rcd2 h5 29. h4 Kh7 30. Qb2 Qa7 31. Kf2 Qc7 32. Rc1 Qe7 33. Rcd1 Be6 34. Rd4
Rxd4 35. exd4 Qg7 36. Qd2 c5 37. Qc2 Rxd4 38. Ke3 Qd7 39. Be2 Rxd1 40. Qxd1
Qxd1 41. Bxd1 Kg7 42. Be2 a4 43. bxa4 Bxa2 44. Kd2 Kf6 45. Kc3 Ke7 46. Bb5 Bf7
47. Be2 Kd6 48. Bb5 Kc7 49. Be2 Be6 50. Bb5 Bd7 51. Bc4 Be8 52. Bb3 Kd6 53. Bc4
Ke7 54. Bb3 Bc6 55. Kc4 Kd6 56. Kc3 Bd5 57. Bd1 Bc6 58. Kc4 Bd7 59. Kc3 Be6 60.
Bc2 Kc6 61. Bd1 b5 62. axb5+ Kxb5 63. Be2+ Ka4 64. Bd1+ Kb5 65. Be2+ Kc6 66.
Bd1 Kd6 67. Ba4 Ke7 68. Bd1 Ba2 69. Kb2 Bf7 70. Kc3 Kd6 71. Bc2 Kc6 72. Ba4+
Kb6 73. Bd1 Ka5 74. Be2 Ka4 75. Bd1+ Ka3 76. Be2 Ka2 77. Kc2 Bb3+ 78. Kc1 c4
79. Bf1 c3 80. Be2 Ka3 81. Bb5 Bf7 82. Kc2 Kb4 83. Bd7 Bb3+ 84. Kc1 e3 85. g4
e2 0-1

[Event "C.to Italiano di Categoria C"]
[Site "Civitanova Marche ITA"]
[Date "2012.07.18"]
[Round "4"]
[White "Cautiero, Pietro"]
[Black "Altini, Ruggiero"]
[WhiteElo "1701"]
[BlackElo "1873"]
[Result "1/2-1/2"]
[PlyCount "67"]
[EventDate "2012.07.15"]

1. Nf3 c5 2. g3 b6 3. Bg2 Bb7 4. O-O Nf6 5. c4 e6 6. d4 d5 7. b3 Nc6 8. e3 Be7
9. Bb2 O-O 10. Nc3 Rc8 11. Rc1 Qc7 12. cxd5 exd5 13. Nb5 Qb8 14. dxc5 a6 15.
Bxf6 Bxf6 16. Nd6 Rcd8 17. Nxb7 Qxb7 18. cxb6 Qxb6 19. Qc2 Nb4 20. Qc5 Qxc5 21.
Rxc5 Nxa2 22. Nd4 Bxd4 23. exd4 Nb4 24. Ra1 Rc8 25. Bf1 Rxc5 26. dxc5 g6 27.
Rc1 Rc8 28. f4 f5 29. Kf2 Kf7 30. Ke3 Re8+ 31. Kd2 Rc8 32. Ke3 Re8+ 33. Kd2 Rc8
34. Ke3 1/2-1/2

[Event "C.to Italiano di Categoria C"]
[Site "Civitanova Marche ITA"]
[Date "2012.07.18"]
[Round "4"]
[White "Cocconcelli, Lorenzo"]
[Black "Faini, Marco"]
[WhiteElo "1994"]
[BlackElo "1908"]
[Result "1/2-1/2"]
[PlyCount "54"]
[EventDate "2012.07.15"]

1. d4 c5 2. d5 d6 3. c4 Nf6 4. g3 g6 5. Bg2 Bg7 6. Nc3 Na6 7. e4 Nc7 8. Nge2
O-O 9. O-O Rb8 10. a4 b6 11. f4 a6 12. h3 Nfe8 13. Be3 Bd7 14. Qd2 b5 15. axb5
axb5 16. cxb5 Nxb5 17. g4 Nxc3 18. bxc3 Bb5 19. Rfe1 Bxe2 20. Qxe2 Nc7 21. Ra2
Nb5 22. Bd2 Qc7 23. Bf1 Rb7 24. Qc4 Rfb8 25. Bd3 Na7 26. Rc1 Nc8 27. Bf1 h6
1/2-1/2

[Event "C.to Italiano di Categoria C"]
[Site "Civitanova Marche ITA"]
[Date "2012.07.18"]
[Round "4"]
[White "Danese, Aldo"]
[Black "Antonelli, Alessandro"]
[WhiteElo "1864"]
[BlackElo "1973"]
[Result "0-1"]
[PlyCount "104"]
[EventDate "2012.07.15"]

1. b3 Nf6 2. Bb2 d5 3. e3 c5 4. Ne2 g6 5. Nf4 Bg7 6. Be2 Nc6 7. O-O O-O 8. a4
b6 9. d4 cxd4 10. exd4 Bb7 11. Na3 Rc8 12. c3 e6 13. Re1 Bh6 14. Nd3 Re8 15.
Bf1 a6 16. b4 Re7 17. a5 bxa5 18. bxa5 Nxa5 19. Nc5 Ra8 20. Nc2 Nc4 21. Bxc4
dxc4 22. Qe2 Qd5 23. f3 a5 24. Ba3 Rc7 25. Rab1 Bc6 26. Ne3 Bxe3+ 27. Qxe3 Qf5
28. Ne4 Bxe4 29. fxe4 Qh5 30. Qf4 Ne8 31. Re3 f6 32. g4 Qg5 33. Qg3 h5 34. h3
hxg4 35. hxg4 Rh7 36. Re2 Qh4 37. Kg2 Qxg3+ 38. Kxg3 Rd7 39. Reb2 Kf7 40. Rb6
Rc7 41. Kf4 g5+ 42. Ke3 Ng7 43. Rh1 Raa7 44. Rh8 Rcb7 45. Rb8 Rxb8 46. Rxb8 f5
47. gxf5 exf5 48. exf5 Nxf5+ 49. Kf3 Nh6 50. Rb5 Kg6 51. Bc1 Rf7+ 52. Ke4 Re7+
0-1

[Event "C.to Italiano di Categoria C"]
[Site "Civitanova Marche ITA"]
[Date "2012.07.18"]
[Round "4"]
[White "Della Sala, Bruno"]
[Black "Di Mantino, Mauro"]
[WhiteElo "1826"]
[BlackElo "1962"]
[Result "1/2-1/2"]
[PlyCount "114"]
[EventDate "2012.07.15"]

1. d4 Nf6 2. Nf3 g6 3. c4 Bg7 4. Nc3 O-O 5. e4 d6 6. h3 e5 7. d5 Nbd7 8. Bg5 h6
9. Be3 Nc5 10. Nd2 a5 11. a3 Bd7 12. b4 axb4 13. axb4 Rxa1 14. Qxa1 Na6 15. Qb2
Nh5 16. c5 f5 17. cxd6 cxd6 18. Nc4 Qf6 19. Nb6 Be8 20. Qb1 f4 21. Bd2 f3 22.
g4 Nf4 23. Rg1 Rf7 24. Rg3 Ng2+ 25. Kd1 Qd8 26. Nc4 Qc7 27. Qb3 Bf8 28. Bxg2
fxg2 29. Ke2 Qd8 30. Rxg2 Qh4 31. Rg3 Bd7 32. Nd1 Nc7 33. Nc3 h5 34. Ne3 Qf6
35. Ned1 hxg4 36. hxg4 Bxg4+ 37. Ke1 Qh4 38. Be3 Rf3 39. Rxf3 Bxf3 40. Qc4 Ne8
41. Ne2 Qg4 42. Ndc3 Be7 43. Qb5 Qc8 44. Kd2 Kf7 45. Ng1 Bg4 46. f3 Bd7 47. Qd3
Qa8 48. Qc4 Bh4 49. Qa2 Qd8 50. Qa7 Bc8 51. Qb8 Bg5 52. Nd1 Nc7 53. Bxg5 Qxg5+
54. Ne3 Qd8 55. Nc4 Nb5 56. Ne2 Ke7 57. Kd3 Qc7 1/2-1/2

[Event "C.to Italiano di Categoria C"]
[Site "Civitanova Marche ITA"]
[Date "2012.07.18"]
[Round "4"]
[White "Fasiello, Andrea"]
[Black "Rubini, Alessandro"]
[WhiteElo "1939"]
[BlackElo "1917"]
[Result "1-0"]
[PlyCount "65"]
[EventDate "2012.07.15"]

1. e4 c5 2. Nf3 e6 3. d4 cxd4 4. Nxd4 a6 5. a4 Nf6 6. Bd3 Qc7 7. Nc3 Bb4 8. Bd2
Nc6 9. Nb3 Ne5 10. Qe2 b6 11. O-O Nxd3 12. cxd3 Be7 13. Rac1 Qe5 14. Be3 Bd8
15. f4 Qh5 16. Qxh5 Nxh5 17. Nd2 O-O 18. Nc4 Rb8 19. e5 f5 20. d4 Bb7 21. Rfd1
g5 22. g3 gxf4 23. Bxf4 Nxf4 24. gxf4 b5 25. axb5 axb5 26. Nd6 Bc6 27. b4 Bb6
28. Ncxb5 Bxb5 29. Nxb5 Bd8 30. Nd6 Rxb4 31. Rd3 Bb6 32. Rg3+ Kh8 33. Nf7+ 1-0

[Event "C.to Italiano di Categoria C"]
[Site "Civitanova Marche ITA"]
[Date "2012.07.18"]
[Round "4"]
[White "Gobbo, Francesco"]
[Black "Medorini, Massimiliano"]
[WhiteElo "1982"]
[BlackElo "1884"]
[Result "1-0"]
[PlyCount "85"]
[EventDate "2012.07.15"]

1. d4 d5 2. c4 c6 3. Nf3 Nf6 4. Nc3 a6 5. c5 Nbd7 6. Bf4 Nh5 7. e3 g6 8. Bd3
Bg7 9. O-O O-O 10. h3 Nxf4 11. exf4 b6 12. cxb6 Nxb6 13. Rc1 Qd6 14. Ne2 Nd7
15. Qc2 Bb7 16. Ne5 Rfc8 17. Rfe1 e6 18. g3 a5 19. Nc3 Ba6 20. Bxa6 Rxa6 21.
Na4 Bxe5 22. fxe5 Qb4 23. Red1 c5 24. a3 Qb5 25. Nxc5 Nxc5 26. dxc5 Rac6 27.
Qd2 Rxc5 28. Rxc5 Rxc5 29. b4 axb4 30. axb4 Rc4 31. Rb1 Re4 32. Qg5 Qb8 33. b5
Rxe5 34. Qf4 g5 35. Qf6 d4 36. b6 d3 37. b7 d2 38. Qxe5 d1=Q+ 39. Rxd1 Qxe5 40.
Rd8+ Kg7 41. b8=Q Qe1+ 42. Kg2 Qe4+ 43. Kh2 1-0

[Event "C.to Italiano di Categoria C"]
[Site "Civitanova Marche ITA"]
[Date "2012.07.18"]
[Round "4"]
[White "Gorgoglione, Enrico"]
[Black "Tortolini, Francesco"]
[WhiteElo "1956"]
[BlackElo "1895"]
[Result "1-0"]
[PlyCount "101"]
[EventDate "2012.07.15"]

1. e4 c6 2. d4 d5 3. e5 Bf5 4. g4 Bg6 5. Bd3 e6 6. h4 Nd7 7. Nf3 Be7 8. Be3 Qb6
9. b3 O-O-O 10. h5 Bxd3 11. Qxd3 f6 12. Nbd2 c5 13. c3 Kb8 14. Bf4 Ka8 15. a4
Nh6 16. exf6 c4 17. bxc4 Nxf6 18. c5 Bxc5 19. dxc5 Qxc5 20. Be3 d4 21. cxd4
Nhxg4 22. dxc5 Rxd3 23. Ke2 Rhd8 24. Nc4 Nxe3 25. Nxe3 Ne4 26. Rhg1 g6 27. hxg6
hxg6 28. Rxg6 Nxc5 29. Rc1 Nxa4 30. Rxe6 Nc3+ 31. Kf1 Nb5 32. Ne1 R3d7 33. Rd1
a5 34. Ra1 Nd4 35. Rxa5+ Kb8 36. Rg6 Rh8 37. Rd5 Rxd5 38. Nxd5 Rh1+ 39. Rg1 Rh5
40. Nf4 Rf5 41. Rg4 b5 42. Ned3 Kb7 43. Nb4 Kb6 44. Nfd3 Nf3 45. Rg6+ Kb7 46.
Ke2 Ng5 47. f4 Ne4 48. Ke3 Nf6 49. Kf3 Kc7 50. Rxf6 Rxf6 51. Nd5+ 1-0

[Event "C.to Italiano di Categoria C"]
[Site "Civitanova Marche ITA"]
[Date "2012.07.18"]
[Round "4"]
[White "Jones, Alessandro"]
[Black "Renzetti, Leonardo"]
[WhiteElo "1966"]
[BlackElo "1743"]
[Result "1/2-1/2"]
[PlyCount "60"]
[EventDate "2012.07.15"]

1. d4 Nf6 2. Nf3 g6 3. Nbd2 Bg7 4. e4 d6 5. Bd3 Nbd7 6. O-O O-O 7. Re1 e5 8.
dxe5 dxe5 9. c3 Qe7 10. a4 Nc5 11. Bf1 Rd8 12. Qc2 Ne8 13. b4 Ne6 14. Ba3 Nd6
15. b5 b6 16. Nc4 Ng5 17. Nfd2 Bb7 18. f3 Ne6 19. Rad1 Rac8 20. a5 Nc5 21. axb6
cxb6 22. Nxd6 Qxd6 23. Nb3 Qc7 24. Nxc5 bxc5 25. Bc4 Bh6 26. Rxd8+ Rxd8 27. Qf2
Bd2 28. Rd1 Bxc3 29. Rxd8+ Qxd8 30. Bxc5 Qd4 1/2-1/2

[Event "C.to Italiano di Categoria C"]
[Site "Civitanova Marche ITA"]
[Date "2012.07.18"]
[Round "4"]
[White "Maddaloni, Giovanni"]
[Black "Quattrini, Massimo"]
[WhiteElo "1755"]
[BlackElo "1944"]
[Result "0-1"]
[PlyCount "46"]
[EventDate "2012.07.15"]

1. e4 c5 2. Nf3 Nc6 3. d4 cxd4 4. Nxd4 e5 5. Nb5 a6 6. Nd6+ Bxd6 7. Qxd6 Qf6 8.
Qc7 Nge7 9. Nc3 Nb4 10. Bd3 d5 11. a3 Nxd3+ 12. cxd3 d4 13. Nd5 Nxd5 14. exd5
O-O 15. O-O Bf5 16. Re1 Rfe8 17. Bd2 Bxd3 18. Rac1 Rad8 19. Qxb7 Qd6 20. Rc7
Qxd5 21. Qxd5 Rxd5 22. Rec1 e4 23. Bb4 e3 0-1

[Event "C.to Italiano di Categoria C"]
[Site "Civitanova Marche ITA"]
[Date "2012.07.18"]
[Round "4"]
[White "Marani, Luca"]
[Black "Fragni, Enrico"]
[WhiteElo "1816"]
[BlackElo "1636"]
[Result "1-0"]
[PlyCount "65"]
[EventDate "2012.07.15"]

1. e4 d6 2. d4 c6 3. f4 g6 4. Nf3 Bg4 5. Be3 Nd7 6. Bc4 e6 7. e5 d5 8. Bd3 Nh6
9. O-O Nf5 10. Bf2 Qb6 11. Nbd2 c5 12. c4 cxd4 13. cxd5 exd5 14. Bxf5 gxf5 15.
Nb3 Nc5 16. Bxd4 Qb5 17. e6 Nxb3 18. exf7+ Kxf7 19. Ne5+ Ke8 20. Qxb3 Qxb3 21.
axb3 Bg7 22. Rfe1 Bh5 23. Ng6+ Kf7 24. Nxh8+ Rxh8 25. Bxg7 Kxg7 26. Rxa7 Rb8
27. Re7+ Kg6 28. Raxb7 Rxb7 29. Rxb7 Bd1 30. b4 h5 31. b5 Kf6 32. b6 Ke6 33.
Rh7 1-0

[Event "C.to Italiano di Categoria C"]
[Site "Civitanova Marche ITA"]
[Date "2012.07.18"]
[Round "4"]
[White "Mastroddi, Giuseppe"]
[Black "Mombelli, Antonio"]
[WhiteElo "1684"]
[BlackElo "1808"]
[Result "0-1"]
[PlyCount "112"]
[EventDate "2012.07.15"]

1. d4 d5 2. Nf3 Nf6 3. e3 c5 4. b3 cxd4 5. exd4 Nc6 6. Bb2 Bf5 7. Bd3 Bxd3 8.
Qxd3 e6 9. O-O Be7 10. Qe2 O-O 11. Nbd2 Rc8 12. c4 Re8 13. Ne5 dxc4 14. Nxc6
Rxc6 15. Nxc4 Qc7 16. Rac1 Rc8 17. a4 Nd5 18. Ne3 Qd7 19. Rxc6 Rxc6 20. Nc4 Qc8
21. g3 a6 22. a5 Qc7 23. Rc1 Bb4 24. Qd1 Bxa5 25. Nxa5 Qxa5 26. Rxc6 bxc6 27.
Qc1 Qb5 28. Qc5 h6 29. Qxb5 cxb5 30. Bc1 Kf8 31. Bd2 Ke8 32. h4 Kd7 33. f3 h5
34. g4 g6 35. Kf2 f5 36. gxh5 gxh5 37. Ke2 Ne7 38. Ke3 Ng6 39. Be1 Kc6 40. b4
Kd5 41. Kd3 Kc6 42. Ke3 Kd6 43. Bg3+ Kd5 44. Kd3 f4 45. Be1 e5 46. dxe5 Nxe5+
47. Ke2 Kd4 48. Bd2 Ng6 49. Be1 Ne7 50. Bd2 Nd5 51. Bc1 Kc4 52. Bd2 Nxb4 53.
Bxf4 Nd5 54. Bc1 b4 55. f4 Ne7 56. Kd2 Nf5 0-1

[Event "C.to Italiano di Categoria C"]
[Site "Civitanova Marche ITA"]
[Date "2012.07.18"]
[Round "4"]
[White "Mircoli, Filippo"]
[Black "Nassetti, Francesco"]
[WhiteElo "1688"]
[BlackElo "1843"]
[Result "1-0"]
[PlyCount "127"]
[EventDate "2012.07.15"]

1. e4 c5 2. Nf3 e6 3. d4 cxd4 4. Nxd4 a6 5. Nc3 Qc7 6. Bd3 Nf6 7. O-O d6 8. Be3
Nc6 9. Qe2 e5 10. Nf5 Bxf5 11. exf5 Be7 12. Ne4 Nb4 13. Rad1 Nxd3 14. Nxf6+
Bxf6 15. Qxd3 Rc8 16. c3 Be7 17. f4 Qc6 18. Qd5 Qxd5 19. Rxd5 f6 20. g4 Rc4 21.
Rf3 Kd7 22. h3 Kc6 23. Rd1 b5 24. Bc1 Re4 25. b3 d5 26. Kf2 b4 27. g5 Rb8 28.
fxe5 Bc5+ 29. Kg3 fxg5 30. e6 h6 31. cxb4 Bxb4 32. Re3 Bd6+ 33. Kg2 Rxe3 34.
Bxe3 Be5 35. Rc1+ Kb7 36. Rc5 Rd8 37. Kf3 Bf6 38. Bf2 d4 39. Be1 Kb6 40. Rc1
Rd5 41. Kg4 Re5 42. Bg3 Rc5 43. Rd1 Kc6 44. Bf2 Rd5 45. Rc1+ Kd6 46. Bg3+ Be5
47. Bxe5+ Rxe5 48. Rd1 Kd5 49. Kh5 Rxf5 50. Re1 Rf8 51. e7 Re8 52. Kg6 Kd6 53.
Kf7 Kd7 54. Re4 Rxe7+ 55. Rxe7+ Kd6 56. Re1 Kd5 57. Kxg7 h5 58. Kf6 g4 59. hxg4
hxg4 60. Kf5 g3 61. Kf4 a5 62. Kxg3 d3 63. Kf3 Kd4 64. Rd1 1-0